|
|
|
|
| LEADER |
00000nam0a2200000 4500 |
| 001 |
315770 |
| 005 |
20231102002817.0 |
| 010 |
|
|
|a 9785222263860
|
| 035 |
|
|
|a (RuTPU)RU\TPU\book\341207
|
| 035 |
|
|
|a RU\TPU\book\212939
|
| 090 |
|
|
|a 315770
|
| 100 |
|
|
|a 20110504d2016 m y0rusy50 ca
|
| 101 |
0 |
|
|a rus
|
| 102 |
|
|
|a RU
|
| 105 |
|
|
|a a j 001zy
|
| 200 |
1 |
|
|a Эксплуатация нефтяных и газовых месторождений (МДК.01.02)
|e учебное пособие
|f Б. В. Покрепин
|
| 210 |
|
|
|a Ростов-на-Дону
|c Феникс
|d 2016
|
| 215 |
|
|
|a 606 с.
|c ил.
|
| 225 |
1 |
|
|a Среднее профессиональное образование
|
| 320 |
|
|
|a Библиогр.: с. 594-595
|
| 330 |
|
|
|a В учебном пособии рассмотрены все основные способы и этапы добычи нефти и газа, подготовка месторождения к эксплуатации, методы увеличения дебитов скважин и технологии текущего и капитального ремонтов. Пособие составлено в соответствии с программой МДК.01.02 "Эксплуатация нефтяных и газовых месторождений" для студентов техникумов и колледжей, обучающихся по специальности "Разработка и эксплуатация нефтяных и газовых месторождений". Данное учебное пособие может быть полезно и при изучении других дисциплин, связанных с добычей нефти и газа, а также при подготовке специалистов по рабочим профессиям нефтяного профиля
|
| 606 |
1 |
|
|a Нефтяные скважины
|x Эксплуатация
|x Расчеты
|2 stltpush
|3 (RuTPU)RU\TPU\subj\46097
|9 65282
|
| 610 |
1 |
|
|a нефтегазовые скважины
|
| 610 |
1 |
|
|a жидкость
|
| 610 |
1 |
|
|a газы
|
| 610 |
1 |
|
|a приток
|
| 610 |
1 |
|
|a газовые скважины
|
| 610 |
1 |
|
|a подготовка
|
| 610 |
1 |
|
|a нефть
|
| 610 |
1 |
|
|a фонтанная добыча
|
| 610 |
1 |
|
|a скважинные штанговые насосы
|
| 610 |
1 |
|
|a бесштанговые насосы
|
| 610 |
1 |
|
|a конденсат
|
| 610 |
1 |
|
|a раздельная добыча
|
| 610 |
1 |
|
|a пласты
|
| 610 |
1 |
|
|a дебиты
|
| 610 |
1 |
|
|a увеличение
|
| 610 |
1 |
|
|a текущий ремонт
|
| 610 |
1 |
|
|a капитальный ремонт
|
| 610 |
1 |
|
|a учебные пособия
|
| 675 |
|
|
|a 622.276(075.32)
|v 3
|
| 700 |
|
1 |
|a Покрепин
|b Б. В.
|g Борис Васильевич
|
| 801 |
|
1 |
|a RU
|b 63413507
|c 20160309
|
| 801 |
|
2 |
|a RU
|b 63413507
|c 20190906
|g RCR
|
| 900 |
|
|
|a Эксплуатация нефтяных и газовых скважин
|
| 942 |
|
|
|c BK
|
| 951 |
|
|
|l 6
|
| 959 |
|
|
|a 25/20160225
|d 3
|e 791,00
|f ЧЗТЛ:1
|f УФ:2
|
| 959 |
|
|
|a 8/20190619
|d 2
|e 800,00
|f УФ:1
|